<?xml version="1.0" encoding="UTF-8"?>
<record
    xmlns:xsi="http://www.w3.org/2001/XMLSchema-instance"
    xsi:schemaLocation="http://www.loc.gov/MARC21/slim http://www.loc.gov/standards/marcxml/schema/MARC21slim.xsd"
    xmlns="http://www.loc.gov/MARC21/slim">

  <leader>00770nam a22002297a 4500</leader>
  <controlfield tag="003">OSt</controlfield>
  <controlfield tag="005">20150717072815.0</controlfield>
  <controlfield tag="008">150717s2014    ua a   g b    000 0 ara d</controlfield>
  <datafield tag="020" ind1=" " ind2=" ">
    <subfield code="a">9789773164577</subfield>
  </datafield>
  <datafield tag="040" ind1=" " ind2=" ">
    <subfield code="b">ara</subfield>
  </datafield>
  <datafield tag="082" ind1="0" ind2="4">
    <subfield code="a">025.04</subfield>
    <subfield code="2">21</subfield>
    <subfield code="b">&#x639; &#x639; &#x623;</subfield>
  </datafield>
  <datafield tag="100" ind1="1" ind2=" ">
    <subfield code="a">&#x639;&#x642;&#x64A;&#x644;&#x60C; &#x639;&#x642;&#x64A;&#x644; &#x645;&#x62D;&#x645;&#x62F;</subfield>
    <subfield code="9">48693</subfield>
  </datafield>
  <datafield tag="245" ind1="1" ind2="0">
    <subfield code="a">&#x623;&#x633;&#x627;&#x633;&#x64A;&#x627;&#x62A; &#x62A;&#x642;&#x646;&#x64A;&#x629; &#x627;&#x644;&#x645;&#x639;&#x644;&#x648;&#x645;&#x627;&#x62A; /</subfield>
    <subfield code="c">&#x639;&#x642;&#x64A;&#x644; &#x645;&#x62D;&#x645;&#x62F; &#x639;&#x642;&#x64A;&#x644;.</subfield>
  </datafield>
  <datafield tag="250" ind1=" " ind2=" ">
    <subfield code="a">&#x637;. 1.</subfield>
  </datafield>
  <datafield tag="260" ind1=" " ind2=" ">
    <subfield code="a">&#x627;&#x644;&#x642;&#x627;&#x647;&#x631;&#x629; :</subfield>
    <subfield code="b">&#x62F;&#x627;&#x631; &#x627;&#x644;&#x646;&#x634;&#x631; &#x644;&#x644;&#x62C;&#x627;&#x645;&#x639;&#x627;&#x62A;&#x60C;</subfield>
    <subfield code="c">2014.</subfield>
  </datafield>
  <datafield tag="300" ind1=" " ind2=" ">
    <subfield code="a">264 &#x635;. :</subfield>
    <subfield code="b">&#x625;&#x64A;&#x636;. &#x61B;</subfield>
    <subfield code="c">24 &#x633;&#x645;.</subfield>
  </datafield>
  <datafield tag="500" ind1=" " ind2=" ">
    <subfield code="a">&#x645;&#x644;&#x627;&#x62D;&#x642; : &#x635;. 203-253.</subfield>
  </datafield>
  <datafield tag="504" ind1=" " ind2=" ">
    <subfield code="a">&#x628;&#x628;&#x644;&#x64A;&#x648;&#x62C;&#x631;&#x627;&#x641;&#x64A;&#x629; : &#x635;. 255-257.</subfield>
  </datafield>
  <datafield tag="650" ind1=" " ind2="4">
    <subfield code="a">&#x62A;&#x642;&#x646;&#x64A;&#x629; &#x627;&#x644;&#x645;&#x639;&#x644;&#x648;&#x645;&#x627;&#x62A;</subfield>
    <subfield code="9">48694</subfield>
  </datafield>
  <datafield tag="650" ind1=" " ind2="4">
    <subfield code="a">&#x62A;&#x643;&#x646;&#x648;&#x644;&#x648;&#x62C;&#x64A;&#x627; &#x627;&#x644;&#x645;&#x639;&#x644;&#x648;&#x645;&#x627;&#x62A;</subfield>
    <subfield code="9">48695</subfield>
  </datafield>
  <datafield tag="942" ind1=" " ind2=" ">
    <subfield code="2">ddc</subfield>
    <subfield code="c">BOOK</subfield>
  </datafield>
  <datafield tag="999" ind1=" " ind2=" ">
    <subfield code="c">37341</subfield>
    <subfield code="d">271841</subfield>
  </datafield>
  <datafield tag="952" ind1=" " ind2=" ">
    <subfield code="1">0</subfield>
    <subfield code="2">2015-07-17</subfield>
    <subfield code="4">0</subfield>
    <subfield code="7">1</subfield>
    <subfield code="a">025.04 &#x639; &#x639; &#x623;</subfield>
    <subfield code="c">1</subfield>
    <subfield code="d">2015-07-17</subfield>
    <subfield code="e">arab</subfield>
    <subfield code="h">CL</subfield>
    <subfield code="i">00213112</subfield>
    <subfield code="m">CL</subfield>
    <subfield code="r">2017-11-13 00:00:00</subfield>
    <subfield code="t">BOOK</subfield>
    <subfield code="w">ddc</subfield>
    <subfield code="y">0</subfield>
  </datafield>
  <datafield tag="952" ind1=" " ind2=" ">
    <subfield code="1">0</subfield>
    <subfield code="2">2015-07-18</subfield>
    <subfield code="4">0</subfield>
    <subfield code="7">0</subfield>
    <subfield code="a">025.04 &#x639; &#x639; &#x623;</subfield>
    <subfield code="c">2</subfield>
    <subfield code="d">2015-07-18</subfield>
    <subfield code="e">arab</subfield>
    <subfield code="h">CL</subfield>
    <subfield code="i">00213178</subfield>
    <subfield code="m">CL</subfield>
    <subfield code="r">2015-07-18 00:00:00</subfield>
    <subfield code="t">BOOK</subfield>
    <subfield code="w">ddc</subfield>
    <subfield code="y">0</subfield>
  </datafield>
  <datafield tag="952" ind1=" " ind2=" ">
    <subfield code="1">0</subfield>
    <subfield code="2">2015-07-18</subfield>
    <subfield code="4">0</subfield>
    <subfield code="7">0</subfield>
    <subfield code="a">025.04 &#x639; &#x639; &#x623;</subfield>
    <subfield code="c">3</subfield>
    <subfield code="d">2015-07-18</subfield>
    <subfield code="e">arab</subfield>
    <subfield code="h">SGF</subfield>
    <subfield code="i">00213177</subfield>
    <subfield code="m">SGF</subfield>
    <subfield code="r">2015-07-18 00:00:00</subfield>
    <subfield code="t">BOOK</subfield>
    <subfield code="w">ddc</subfield>
    <subfield code="y">0</subfield>
  </datafield>
  <datafield tag="952" ind1=" " ind2=" ">
    <subfield code="1">0</subfield>
    <subfield code="2">2015-07-18</subfield>
    <subfield code="4">0</subfield>
    <subfield code="7">1</subfield>
    <subfield code="a">025.04 &#x639; &#x639; &#x623;</subfield>
    <subfield code="c">1</subfield>
    <subfield code="d">2015-07-18</subfield>
    <subfield code="e">arab</subfield>
    <subfield code="h">SZM</subfield>
    <subfield code="i">00213180</subfield>
    <subfield code="m">SZM</subfield>
    <subfield code="r">2015-07-18 00:00:00</subfield>
    <subfield code="t">BOOK</subfield>
    <subfield code="w">ddc</subfield>
    <subfield code="y">0</subfield>
  </datafield>
  <datafield tag="952" ind1=" " ind2=" ">
    <subfield code="1">0</subfield>
    <subfield code="2">2015-07-18</subfield>
    <subfield code="4">0</subfield>
    <subfield code="7">0</subfield>
    <subfield code="a">025.04 &#x639; &#x639; &#x623;</subfield>
    <subfield code="c">2</subfield>
    <subfield code="d">2015-07-18</subfield>
    <subfield code="e">arab</subfield>
    <subfield code="h">SZM</subfield>
    <subfield code="i">00213179</subfield>
    <subfield code="m">SZM</subfield>
    <subfield code="r">2015-07-18 00:00:00</subfield>
    <subfield code="t">BOOK</subfield>
    <subfield code="w">ddc</subfield>
    <subfield code="y">0</subfield>
  </datafield>
  <datafield tag="952" ind1=" " ind2=" ">
    <subfield code="1">0</subfield>
    <subfield code="2">2015-07-18</subfield>
    <subfield code="4">0</subfield>
    <subfield code="7">0</subfield>
    <subfield code="a">025.04 &#x639; &#x639; &#x623;</subfield>
    <subfield code="c">2</subfield>
    <subfield code="d">2015-07-18</subfield>
    <subfield code="e">arab</subfield>
    <subfield code="h">IC</subfield>
    <subfield code="i">00213176</subfield>
    <subfield code="m">IC</subfield>
    <subfield code="r">2015-07-18 00:00:00</subfield>
    <subfield code="t">BOOK</subfield>
    <subfield code="w">ddc</subfield>
    <subfield code="y">0</subfield>
  </datafield>
  <datafield tag="952" ind1=" " ind2=" ">
    <subfield code="1">0</subfield>
    <subfield code="2">2015-07-18</subfield>
    <subfield code="4">0</subfield>
    <subfield code="7">1</subfield>
    <subfield code="a">025.04 &#x639; &#x639; &#x623;</subfield>
    <subfield code="c">1</subfield>
    <subfield code="d">2015-07-18</subfield>
    <subfield code="e">arab</subfield>
    <subfield code="h">IC</subfield>
    <subfield code="i">00213175</subfield>
    <subfield code="m">IC</subfield>
    <subfield code="r">2015-07-18 00:00:00</subfield>
    <subfield code="t">BOOK</subfield>
    <subfield code="w">ddc</subfield>
    <subfield code="y">0</subfield>
  </datafield>
  <datafield tag="952" ind1=" " ind2=" ">
    <subfield code="1">0</subfield>
    <subfield code="2">2015-07-18</subfield>
    <subfield code="4">0</subfield>
    <subfield code="7">1</subfield>
    <subfield code="a">025.04 &#x639; &#x639; &#x623;</subfield>
    <subfield code="c">1</subfield>
    <subfield code="d">2015-07-18</subfield>
    <subfield code="e">arab</subfield>
    <subfield code="h">IC</subfield>
    <subfield code="i">00213174</subfield>
    <subfield code="m">IC</subfield>
    <subfield code="r">2015-07-18 00:00:00</subfield>
    <subfield code="t">BOOK</subfield>
    <subfield code="w">ddc</subfield>
    <subfield code="y">0</subfield>
  </datafield>
  <datafield tag="952" ind1=" " ind2=" ">
    <subfield code="1">0</subfield>
    <subfield code="2">2015-07-18</subfield>
    <subfield code="4">0</subfield>
    <subfield code="7">0</subfield>
    <subfield code="a">025.04 &#x639; &#x639; &#x623;</subfield>
    <subfield code="c">2</subfield>
    <subfield code="d">2015-07-18</subfield>
    <subfield code="e">arab</subfield>
    <subfield code="h">IC</subfield>
    <subfield code="i">00213173</subfield>
    <subfield code="m">IC</subfield>
    <subfield code="r">2015-07-18 00:00:00</subfield>
    <subfield code="t">BOOK</subfield>
    <subfield code="w">ddc</subfield>
    <subfield code="y">0</subfield>
  </datafield>
  <datafield tag="952" ind1=" " ind2=" ">
    <subfield code="1">0</subfield>
    <subfield code="2">2015-07-18</subfield>
    <subfield code="4">0</subfield>
    <subfield code="7">0</subfield>
    <subfield code="a">025.04 &#x639; &#x639; &#x623;</subfield>
    <subfield code="c">2</subfield>
    <subfield code="d">2015-07-18</subfield>
    <subfield code="e">arab</subfield>
    <subfield code="h">SRM</subfield>
    <subfield code="i">00213172</subfield>
    <subfield code="m">SRM</subfield>
    <subfield code="r">2015-07-18 00:00:00</subfield>
    <subfield code="t">BOOK</subfield>
    <subfield code="w">ddc</subfield>
    <subfield code="y">0</subfield>
  </datafield>
  <datafield tag="952" ind1=" " ind2=" ">
    <subfield code="1">0</subfield>
    <subfield code="2">2015-07-18</subfield>
    <subfield code="4">0</subfield>
    <subfield code="7">1</subfield>
    <subfield code="a">025.04 &#x639; &#x639; &#x623;</subfield>
    <subfield code="c">1</subfield>
    <subfield code="d">2015-07-18</subfield>
    <subfield code="e">arab</subfield>
    <subfield code="h">SRM</subfield>
    <subfield code="i">00213171</subfield>
    <subfield code="m">SRM</subfield>
    <subfield code="r">2015-07-18 00:00:00</subfield>
    <subfield code="t">BOOK</subfield>
    <subfield code="w">ddc</subfield>
    <subfield code="y">0</subfield>
  </datafield>
  <datafield tag="952" ind1=" " ind2=" ">
    <subfield code="1">0</subfield>
    <subfield code="2">2015-07-18</subfield>
    <subfield code="4">0</subfield>
    <subfield code="7">1</subfield>
    <subfield code="a">025.04 &#x639; &#x639; &#x623;</subfield>
    <subfield code="c">1</subfield>
    <subfield code="d">2015-07-18</subfield>
    <subfield code="e">arab</subfield>
    <subfield code="h">EMF</subfield>
    <subfield code="i">00213170</subfield>
    <subfield code="m">EMF</subfield>
    <subfield code="r">2015-07-18 00:00:00</subfield>
    <subfield code="t">BOOK</subfield>
    <subfield code="w">ddc</subfield>
    <subfield code="y">0</subfield>
  </datafield>
  <datafield tag="952" ind1=" " ind2=" ">
    <subfield code="1">0</subfield>
    <subfield code="2">2015-07-18</subfield>
    <subfield code="4">0</subfield>
    <subfield code="7">0</subfield>
    <subfield code="a">025.04 &#x639; &#x639; &#x623;</subfield>
    <subfield code="c">2</subfield>
    <subfield code="d">2015-07-18</subfield>
    <subfield code="e">arab</subfield>
    <subfield code="h">EMF</subfield>
    <subfield code="i">00213169</subfield>
    <subfield code="m">EMF</subfield>
    <subfield code="r">2015-07-18 00:00:00</subfield>
    <subfield code="t">BOOK</subfield>
    <subfield code="w">ddc</subfield>
    <subfield code="y">0</subfield>
  </datafield>
  <datafield tag="952" ind1=" " ind2=" ">
    <subfield code="1">0</subfield>
    <subfield code="2">2015-07-18</subfield>
    <subfield code="4">0</subfield>
    <subfield code="7">0</subfield>
    <subfield code="a">025.04 &#x639; &#x639; &#x623;</subfield>
    <subfield code="c">2</subfield>
    <subfield code="d">2015-07-18</subfield>
    <subfield code="e">arab</subfield>
    <subfield code="h">SRF</subfield>
    <subfield code="i">00213168</subfield>
    <subfield code="m">SRF</subfield>
    <subfield code="r">2015-07-18 00:00:00</subfield>
    <subfield code="t">BOOK</subfield>
    <subfield code="w">ddc</subfield>
    <subfield code="y">0</subfield>
  </datafield>
  <datafield tag="952" ind1=" " ind2=" ">
    <subfield code="1">0</subfield>
    <subfield code="2">2015-07-18</subfield>
    <subfield code="4">0</subfield>
    <subfield code="7">1</subfield>
    <subfield code="a">025.04 &#x639; &#x639; &#x623;</subfield>
    <subfield code="c">1</subfield>
    <subfield code="d">2015-07-18</subfield>
    <subfield code="e">arab</subfield>
    <subfield code="h">SRF</subfield>
    <subfield code="i">00213167</subfield>
    <subfield code="m">SRF</subfield>
    <subfield code="r">2015-07-18 00:00:00</subfield>
    <subfield code="t">BOOK</subfield>
    <subfield code="w">ddc</subfield>
    <subfield code="y">0</subfield>
  </datafield>
</record>
